[Event "Porto Sant Elpidio op-B 9th"]
[Site "Porto Sant Elpidio"]
[Date "2006.11.19"]
[Round "3"]
[White "Rinaldi, Raffaele"]
[Black "Lestini, Daniel"]
[Result "1-0"]
[WhiteElo "1661"]
[BlackElo "1392"]
[PlyCount "105"]
[EventDate "2006.11.18"]
[EventType "swiss"]
[EventRounds "6"]
[EventCountry "ITA"]
[SourceTitle "EXT 2011"]
[Source "ChessBase"]
[SourceDate "2010.11.26"]
[SourceVersion "1"]
[SourceVersionDate "2010.11.26"]
[SourceQuality "1"]

1. e4 e5 2. Nf3 Nc6 3. Bb5 d6 4. d4 a6 5. Bxc6+ bxc6 6. dxe5 Be7 7. 0-0 dxe5 8. Qxd8+ Bxd8 9. Nxe5 Bb7 10. Nc3 Bf6 11. Bf4 Ne7 12. Rad1 0-0 13. Rd7 Rac8 14. Rfd1 Rfe8 15. Bg3 Ng6 16. Nxg6 hxg6 17. f3 Bxc3 18. bxc3 f5 19. exf5 gxf5 20. Bxc7 Re2 21. Rd8+ Kh7 22. Rxc8 Bxc8 23. Rd8 Be6 24. Re8 Kg6 25. Kf1 Kf7 26. Kxe2 Kxe8 27. a4 f4 28. Bxf4 Bf5 29. Kd2 Ke7 30. c4 Ke6 31. h4 Kf6 32. a5 Be6 33. Kc3 g6 34. Kd4 Ke7 35. g4 Kf7 36. Bg5 Bd7 37. Kc5 Be6 38. c3 Kg7 39. Kxc6 Bxc4 40. f4 Kf7 41. f5 Kg7 42. f6+ Kf7 43. Kc5 Be2 44. c4 Ke8 45. Kd5 Bxg4 46. c5 Kd7 47. c6+ Kc7 48. f7 Bf3+ 49. Kc5 Bxc6 50. f8Q Kb7 51. Qe7+ Ka8 52. Kxc6 Kb8 53. Qb7# 1-0

[Event "Castelfidardo op 6th"]
[Site "Castelfidardo"]
[Date "2002.10.20"]
[Round "3"]
[White "Rinaldi, Raffaele"]
[Black "Palmizi, Alessandro"]
[Result "0-1"]
[WhiteElo "1362"]
[BlackElo "1576"]
[PlyCount "74"]
[EventDate "2002.10.19"]
[EventType "swiss"]
[EventRounds "6"]
[EventCountry "ITA"]
[SourceTitle "EXT 2007"]
[Source "ChessBase"]
[SourceDate "2006.11.23"]
[SourceVersion "1"]
[SourceVersionDate "2006.11.23"]
[SourceQuality "1"]

1. e4 d6 2. d4 e6 3. Nf3 g6 4. Be3 Bg7 5. Nc3 Ne7 6. Qd2 h6 7. Be2 a6 8. 0-0 Nd7 9. Rad1 b6 10. Rfe1 Bb7 11. Bd3 c5 12. d5 e5 13. a4 g5 14. h3 Ng6 15. g3 Bc8 16. Kh2 Nf6 17. Bf1 Nh5 18. Qe2 Nf6 19. Qd2 g4 20. Ng1 gxh3 21. Bxh3 Bxh3 22. Nxh3 Ng4+ 23. Kg2 Qd7 24. Qe2 h5 25. Ng5 Bf6 26. Rh1 Qe7 27. Nf3 Nxe3+ 28. Qxe3 0-0-0 29. Qe2 Kb7 30. Nd2 Rdg8 31. Qc4 h4 32. gxh4 Bxh4 33. Kf1 Nf4 34. Ne2 Rg2 35. Ng3 Qf6 36. Qc3 Bxg3 37. Rxh8 Qxh8 0-1

[Event "Castelfidardo op 6th"]
[Site "Castelfidardo"]
[Date "2002.10.19"]
[Round "1"]
[White "Rinaldi, Raffaele"]
[Black "Santurbano, Maria Vincenza"]
[Result "1/2-1/2"]
[WhiteElo "1362"]
[BlackElo "1731"]
[PlyCount "85"]
[EventDate "2002.10.19"]
[EventType "swiss"]
[EventRounds "6"]
[EventCountry "ITA"]
[SourceTitle "EXT 2007"]
[Source "ChessBase"]
[SourceDate "2006.11.23"]
[SourceVersion "1"]
[SourceVersionDate "2006.11.23"]
[SourceQuality "1"]

1. e4 e5 2. Nf3 Nc6 3. Bb5 Nd4 4. Nxd4 exd4 5. d3 c6 6. Bc4 d5 7. Bb3 Nf6 8. Bg5 Be7 9. h3 0-0 10. Nd2 dxe4 11. dxe4 Nxe4 12. Bxe7 Qxe7 13. Qe2 Re8 14. 0-0 Nxd2 15. Qxd2 c5 16. Rfe1 Be6 17. Re5 Qd6 18. Rae1 b5 19. Bd5 Rad8 20. Qa5 a6 21. a4 Bd7 22. Rxe8+ Rxe8 23. Rxe8+ Bxe8 24. Bb7 g6 25. Bxa6 bxa4 26. Bb5 Bxb5 27. Qxb5 Qe5 28. Qxa4 Qe1+ 29. Kh2 Qxf2 30. Qe8+ Kg7 31. Qe5+ Qf6 32. Qxc5 Qf4+ 33. Kg1 Qc1+ 34. Kh2 Qxb2 35. Qe5+ Kf8 36. Qd6+ Ke8 37. Qe5+ Kd7 38. Qd5+ Ke8 39. Qe5+ Kf8 40. Qd6+ Kg7 41. Qe5+ f6 42. Qc7+ Kf8 43. Qd8+ 1/2-1/2